00682nam a2200217 a 450000100060000000300080000600500170001400800410003102000280007203500190010004000320011904100080015108200250015924500660018426000610025030000360031150400510034765000240039865000130042270000290043569483BD-RjUL20211209081908.0120417s2002 enka b 001 0 eng  a012174597X (alk. paper) a(BD-RjUL)69695 aDLCcDLCdDLCdBD-RjULbeng aeng00223a660.65bPRI 200210aPrinciples of cloning /cedited by Jose Cibelli ... [et al.]. aAmsterdam ;aBoston ;aLondon :bAcademic Press,cc2002. axxii, 531 p. :bill. ;c29 cm. aIncludes bibliographical references and index. 0aGenetic engineering 0aCloning.1 aCibelli, Jose B.,d1963-